Terras de negros (Record no. 60649)
[ view plain ]
| 000 -LÍDER | |
|---|---|
| campo de controle de tamanho fixo | 00344 a2200169 4500 |
| 001 - NÚMERO DE CONTROLE | |
| campo de controle | 60649 |
| 020 ## - ISBN - INTERNATIONAL STANDARD BOOK NUMBER | |
| ISBN - International Standard Book Number | 852623224X |
| 040 ## - FONTE DA CATALOGAÇÃO | |
| Instituição que transcreveu o registro | Anchieta - Pituba |
| 100 ## - ENTRADA PRINCIPAL--NOME PESSOAL | |
| Nome pessoal | Carril, Lourdes |
| 240 10 - TÍTULO UNIFORME | |
| Título uniforme | Terras de negros |
| Idioma da obra | por |
| 245 10 - TÍTULO | |
| Título | Terras de negros |
| 300 ## - DESCRIÇÃO FÍSICA | |
| Extensão | 71 |
| 362 0# - DATAS DE PUBLICAÇÃO E/OU DESIGNAÇÃO SEQUENCIAL | |
| Datas de publicação e/ou designação sequencial | 1997 |
| 440 #1 - DECLARAÇÃO DE SÉRIE/ENTRADA ADICIONADA--TÍTULO | |
| Título | Scipione |
| 650 #4 - ASSUNTO--TERMO TÓPICO | |
| Cabeçalho tópico ou nome geográfico | Brasil |
| 942 ## - ELEMENTOS DE ENTRADA ADICIONADOS (KOHA) | |
| Tipo de material Koha | Livros |
| Situação do descarte | Situação das perdas | Situação física | Não pode ser emprestado | Biblioteca de origem | Biblioteca atual | Data de aquisição | Total de empréstimos | Número de chamada completo | Código de barras | Data de último acesso | Data do último empréstimo | Data do preço efetivo | Tipo de material Koha |
|---|---|---|---|---|---|---|---|---|---|---|---|---|---|
| Colégio Anchieta - Pituba | Colégio Anchieta - Pituba | 21/11/2023 | 981 C317t CAR TER | 12395/PIT | 21/11/2023 | 21/11/2023 | Livros | ||||||
| Colégio Anchieta - Pituba | Colégio Anchieta - Pituba | 21/11/2023 | 981 C317t CAR TER | 12396/PIT | 21/11/2023 | 21/11/2023 | Livros | ||||||
| Colégio Anchieta - Pituba | Inspira | 21/11/2023 | 1 | 981 C317t CAR TER | 12394/PIT | 21/11/2023 | 21/11/2023 | 21/11/2023 | Livros |